[Event "Kalamaria blitz op"]
[Site "Kalamaria"]
[Date "2024.08.30"]
[Round "1"]
[White "Gkalimpas, Iasonas"]
[Black "Magalakis, Stefanos"]
[Result "0-1"]
[WhiteElo "1643"]
[BlackElo "2105"]
[PlyCount "74"]
[EventDate "2024.08.30"]
[EventType "swiss"]
[EventRounds "9"]
[EventCountry "GRE"]
[SourceTitle "CBM 221 Extra"]
[Source "ChessBase"]
[SourceDate "2024.09.30"]
[SourceVersion "1"]
[SourceVersionDate "2024.09.30"]
[SourceQuality "1"]

1. e4 e5 2. Nf3 Nc6 3. Bc4 Nf6 4. 0-0 Nxe4 5. Re1 d5 6. Bb5 Bc5 7. d4 exd4 8. Nxd4 0-0 9. Be3 Nxd4 10. Bxd4 Bxd4 11. Qxd4 c6 12. Bd3 Qf6 13. c3 Qxd4 14. cxd4 Nd6 15. Nd2 f6 16. Rad1 Bf5 17. Nb3 Rfe8 18. Nc5 b6 19. Bxf5 Nxf5 20. Ne6 Kf7 21. Nc7 Rxe1+ 22. Rxe1 Rc8 23. Na6 Nxd4 24. Kf1 c5 25. Rd1 Ke6 26. Re1+ Kd6 27. Rd1 Nc6 28. a3 Nb8 29. Nxb8 Rxb8 30. Ke2 Re8+ 31. Kd3 c4+ 32. Kc3 Re2 33. Rf1 Kc5 34. b4+ Kd6 35. a4 Ke5 36. a5 b5 37. g3 d4# 0-1